MARC

LEADER 00000nam0a2200000 4500
001 319213
005 20231102003146.0
035 |a (RuTPU)RU\TPU\book\344720 
090 |a 319213 
100 |a 20160524d1963 m y0rusy50 ca 
101 0 |a rus 
102 |a RU 
105 |a a j 001zy 
200 1 |a Общая электротехника  |e [учебное пособие]  |f Ф. Т. Марковский, А. П. Трегуб 
210 |a Москва  |a Ленинград  |c Машгиз  |d 1963 
215 |a 332 с.  |c ил. 
320 |a Библиогр.: с. 327 
606 1 |a Электротехника общая  |2 stltpush  |3 (RuTPU)RU\TPU\subj\20906  |9 45967 
610 1 |a практические руководства 
610 1 |a учебные пособия 
610 1 |a понятия 
610 1 |a законы 
610 1 |a электрические цепи 
610 1 |a электромагнетизм 
610 1 |a магнитные цепи 
610 1 |a переменный ток 
610 1 |a теория 
610 1 |a трехфазный ток 
610 1 |a электрические измерения 
610 1 |a схемы 
610 1 |a выпрямители 
610 1 |a трансформаторы 
610 1 |a асинхронные двигатели 
610 1 |a синхронные машины 
610 1 |a машины постоянного тока 
610 1 |a электрические станции 
610 1 |a электрические сети 
610 1 |a энергетические системы 
675 |a 621.3(07)  |v 4 
700 1 |a Марковский  |b Ф. Т.  |g Филипп Титович 
701 1 |a Трегуб  |b А. П.  |g Адам Павлович 
801 1 |a RU  |b 63413507  |c 20160524 
801 2 |a RU  |b 63413507  |c 20190710  |g RCR 
942 |c BK